Szczegóły MARC21

Handel detaliczny a rozwój miasta i regionu /

003 -Nazwa inst., której nr kontr. jest w polu 001 [,]
    • @
    • Nazwa instytucji, której n kontrolny jest w polu 001
    • NUKAT
005 -DATA I CZAS OSTATNIEJ MODYFIKACJI [,]
    • @
    • pole kontrolne
    • 20241231090209.0
020 -Międzynarod. znormalizowany nr książki - ISBN [ , ]
    • a
    • Numer ISBN
    • 8387294152 Find
040 -Instytucja sporządzająca opis [ , ]
    • a
    • Instytucja, która sporządziła opis (NP)
    • Ł U/AG
    • c
    • Instytucja, która sporządziła rekord (NP)
    • Ł U/AG
    • d
    • Instytucja, która zmodyfikowała rekord (P)
    • Ł U/AG
    • d
    • Instytucja, która zmodyfikowała rekord (P)
    • Ł U/MSs
    • d
    • Instytucja, która zmodyfikowała rekord (P)
    • GL 001/JK
942 -Rodzaj dokumentu [ , ]
    • c
    • Rodzaj dokumentu
    • Książka
100 -Hasło główne - nazwa osobowa [1, ]
    • a
    • Nazwa osobowa (NP)
    • Fic, Daniel.
    • 9
    • KHW
    • 541512
245 -Strefa tytułu i oznaczenia odpowiedzialności [1,0]
    • a
    • Tytuł
    • Handel detaliczny a rozwój miasta i regionu / Find
    • c
    • Pozostałe elementy strefy tytułu i oznaczenia odpowiedzialności (NP)
    • Daniel Fic, Klaus Wenzel.
260 -Strefa adresu wydawniczego [ , ]
    • a
    • Miejsce wydania (P)
    • Zielona Góra :
    • b
    • Nazwa wydawcy (P)
    • Wydawnictwo ORGANON,
    • c
    • Data wydania (P)
    • 2000.
300 -Strefa opisu fizycznego [ , ]
    • a
    • Określenie formy książki i/lub objętość (NP)
    • 104 s., [18] k. tabl. kolor. :
    • b
    • Oznaczenie ilustracji (NP)
    • il. ;
    • c
    • Format (NP)
    • 24 cm.
336 -Typ zawartości [ , ]
    • a
    • Termin opisujący typ zawartości
    • Tekst
    • b
    • Kod określający zawartość
    • txt
    • 2
    • Źródło (terminu i kodu)
    • rdacontent
337 -Typ mediów [ , ]
    • a
    • Tryb odtwarzania
    • Bez urządzenia pośredniczącego
    • b
    • Kod typu mediów
    • n
    • 2
    • Źródło (terminu i kodu)
    • rdamedia
338 -Typ/rodzaj nośnika [ , ]
    • a
    • Hasło opisujące typ nośnika
    • Wolumin
    • b
    • Kod typu nośnika
    • nc
    • 2
    • Źródło (terminu i kodu)
    • rdacarrier
536 -Uwaga dot. finansowania książki [ , ]
    • a
    • Tekst uwagi
    • Temat opracowany w ramach programu PHARE Unii Europejskiej
080 -Uniwersalna Klasyfikacja Dziesiętna [ , ]
    • a
    • Symbol klasyfikacji
    • 339.37
080 -Uniwersalna Klasyfikacja Dziesiętna [ , ]
    • a
    • Symbol klasyfikacji
    • :332.1(430+438)
080 -Uniwersalna Klasyfikacja Dziesiętna [ , ]
    • a
    • Symbol klasyfikacji
    • :311.3(083.41)
650 -Hasło przedmiotowe [ ,7]
    • a
    • Hasło przedmiotowe
    • Handel detaliczny
    • z
    • Określnik geograficzny
    • Niemcy
    • z
    • Określnik geograficzny
    • Meklemburgia-Pomorze Przednie (land)
    • v
    • Określnik formalny
    • statystyki.
    • 2
    • Źródło terminu
    • kaba
    • 9
    • KHW
    • 541720
650 -Hasło przedmiotowe [ ,7]
    • a
    • Hasło przedmiotowe
    • Handel detaliczny
    • z
    • Określnik geograficzny
    • Polska
    • z
    • Określnik geograficzny
    • Zielona Góra (region)
    • v
    • Określnik formalny
    • statystyki.
    • 2
    • Źródło terminu
    • kaba
    • 9
    • KHW
    • 541721
650 -Hasło przedmiotowe [ ,7]
    • a
    • Hasło przedmiotowe
    • Zagospodarowanie przestrzenne
    • z
    • Określnik geograficzny
    • Niemcy
    • z
    • Określnik geograficzny
    • Meklemburgia-Pomorze Przednie (land)
    • v
    • Określnik formalny
    • statystyki.
    • 2
    • Źródło terminu
    • kaba
    • 9
    • KHW
    • 541722
650 -Hasło przedmiotowe [ ,7]
    • a
    • Hasło przedmiotowe
    • Zagospodarowanie przestrzenne
    • z
    • Określnik geograficzny
    • Polska
    • z
    • Określnik geograficzny
    • Zielona Góra (region)
    • v
    • Określnik formalny
    • statystyki.
    • 2
    • Źródło terminu
    • kaba
    • 9
    • KHW
    • 541723
980 -Symbol UKD [ , ]
    • a
    • UKD
    • 339.37:332.1](430+438):311.3(083.41)
700 -Hasło dodatkowe - nazwa osobowa [1, ]
    • a
    • Nazwa osobowa (NP)
    • Wenzel, Klaus. Find
    • 9
    • KHW
    • 541513
710 -Hasło dodatkowe - nazwa ciała zbiorowego [2, ]
    • a
    • Nazwa ciała zbiorowego lub nazwa geograficzna jako pierwszy element (NP)
    • Wydawnictwo Muzyczne Organon.
    • 4
    • Kod relacji
    • pbl
    • 9
    • KHW
    • 541514
920 -ISBN [ , ]
    • a
    • ISBN
    • 83-87294-15-2 Find
Numer inwentarzowy Status udost. Lokalizacja Data inwentaryzacji
S.88042-3BE2001-06-20
S.88043-3BE2001-06-20